Hiệu quả phân sinh hcọ và phân bón lá lên lúa cao sản (Jasmine 85) trồng trên đất phù sa tại xã Thạnh Lộc - huyện Giồng Riềng - tỉnh Kiên Giang : Luận văn thạc sĩ. Chuyên ngành: Công nghệ sinh học

Đánh giá hiệu quả phân sinh học và phân bón lá đối với năng suất lúa cao sản trồng tại huyện Giồng Riềng, tỉnh Kiên Giang. Đánh giá ảnh hưởng của phân sinh học và phân bón lá đối với độ phì nhiêu của đất trồng lúa cao sản tại huyện Giồn...

Volledige beschrijving

Bewaard in:
Bibliografische gegevens
Hoofdauteur: Huỳnh, Văn Tiền
Formaat: Boek
Taal:Undetermined
Gepubliceerd in: Cần Thơ Trướng Đại học Cần Thơ 2010
Onderwerpen:
Tags: Voeg label toe
Geen labels, Wees de eerste die dit record labelt!
Thư viện lưu trữ: Trung tâm Học liệu Trường Đại học Cần Thơ
LEADER 01432nam a2200217Ia 4500
001 CTU_162614
008 210402s9999 xx 000 0 und d
082 |a 631.86 
082 |b T305 
088 |a 60420201 
100 |a Huỳnh, Văn Tiền 
245 0 |a Hiệu quả phân sinh hcọ và phân bón lá lên lúa cao sản (Jasmine 85) trồng trên đất phù sa tại xã Thạnh Lộc - huyện Giồng Riềng - tỉnh Kiên Giang : 
245 0 |b Luận văn thạc sĩ. Chuyên ngành: Công nghệ sinh học 
245 0 |c Huỳnh Văn Tiền ; Cao Ngọc Điệp (Hướng dẫn khoa học) 
260 |a Cần Thơ 
260 |b Trướng Đại học Cần Thơ 
260 |c 2010 
520 |a Đánh giá hiệu quả phân sinh học và phân bón lá đối với năng suất lúa cao sản trồng tại huyện Giồng Riềng, tỉnh Kiên Giang. Đánh giá ảnh hưởng của phân sinh học và phân bón lá đối với độ phì nhiêu của đất trồng lúa cao sản tại huyện Giồng Riềng tỉnh Kiên Giang. Xác định công thức thích hợp cho việc sử dụng phân sinh học và phân bón lá. 
650 |a Rice,Biofertilizers,Cây lúa,Phân sinh học 
904 |i Năm 
980 |a Trung tâm Học liệu Trường Đại học Cần Thơ